• 首页
  • 本馆介绍
  • 公告通知
  • 最新文献
  • 馆藏检索
  • 电子资源
  • 读者导购
  • 参考咨询
  • 我的图书馆
  • 登录
  • 详细信息显示
  • 放入我的书架
  • 预约/预借图书
  • 作者相关作品
  • 分类相关作品
  • 丛书相关作品
  • 出版社相关作品

书目信息

  • 表格格式
  • 工作单格式
  • 卡片格式
题名:
荀子学院
    
 
作者: 秦榆 编著
分册:  
出版信息: 北京   中国长安出版社  2006
页数: 275页
开本: 24cm
丛书名: 现代国学大讲堂
单 册:
中图分类: B222.65
科图分类:
主题词: 儒家
电子资源:
ISBN: 7-80175-515-4
000 00850oam2 2200277 450
001 003280646
005 20070801164835.14
010    @a7-80175-515-4@dCNY28.00
100    @a20060210d2006 em y0chiy0110 ea
101 0  @achi
102    @aCN@b110000
105    @ay z 000yy
200 1  @a荀子学院@9xun zi xue yuan@e荀子的人定胜天@f秦榆编著
210    @a北京@c中国长安出版社@d2006
215    @a275页@d24cm
225 2  @a现代国学大讲堂
330    @a本书以荀子的基本思想为出发点,在荀子对天人的思考范畴上,对做人、做事、处世、言谈、交际、识人、用人等方面作了探讨。
461  0 @12001 @a现代国学大讲堂
517 1  @a荀子的人定胜天@9xun zi de ren ding sheng tian
605    @a荀子
605    @a荀子@x研究
606 0  @a儒家
690    @aB222.65@v4
701  0 @a秦榆@9qin yu@4编著
801  0 @aCN@bNLC@c20070801
905    @a10447@dB222.65@e343
    
    荀子学院:荀子的人定胜天/秦榆编著.-北京:中国长安出版社,2006
    275页;24cm.-(现代国学大讲堂)
    
    
    ISBN 7-80175-515-4:CNY28.00
    本书以荀子的基本思想为出发点,在荀子对天人的思考范畴上,对做人、做事、处世、言谈、交际、识人、用人等方面作了探讨。
●
相关链接 在E读中查询图书 在五车中查询图书 在当当中查询图书 在豆瓣中查询图书


正题名:荀子学院     索取号:B222.65/343         预约/预借

序号 登录号 条形码 馆藏地/架位号 状态 备注
1 0800578   208005781   第一样本阅览室/ [索取号:B222.65/343] 在馆    
2 0800579   208005790   第一借阅区/ [索取号:B222.65/343] 在馆    
3 0800580   208005807   教育系资料室/ [索取号:B222.65/343] 在馆    
4 0800581   208005816   第一借阅区/ [索取号:B222.65/343] 在馆    
5 0800582   208005825   教育系资料室/ [索取号:B222.65/343] 在馆    
6 0800583   208005834   第一借阅区/ [索取号:B222.65/343] 在馆    
7 0800584   208005843   第一借阅区/ [索取号:B222.65/343] 在馆    
8 0800585   208005852   第一借阅区/ [索取号:B222.65/343] 在馆    
9 0800586   208005861   教育系资料室/ [索取号:B222.65/343] 在馆    
10 0800587   208005870   第一借阅区/ [索取号:B222.65/343] 在馆    
唐山师范学院图书馆 欢迎您!
大连网信软件有限公司© 版权所有